000 00286nam a22001337a 4500
020 _a978-81-88452-39-2
082 _a920
_bHIT/M
100 _aHITLER,ADOLF
245 _aMEIN KAMPF
260 _aMUMBAI
_bEMBASSY BOOKS
300 _a654
650 _aLIFE OF HITLER
_zMUMBAI
942 _cBK
999 _c5749
_d5749